Statistiques concernant Drapeau d'Europe: facile

Cliquez ici pour prendre le quiz!

Statistiques générales

  • Ce quiz a été pris 322 fois
  • Le résultat moyen est 9 sur 10

Statistiques - réponses

Réponse% Correct
allemagne
100%
france
100%
espagne
99%
italie
98%
portugal
98%
belgique
96%
russie
90%
irlande
88%
pays bas
88%
luxembourg
75%

Distribution des résultats

Percentile par nombre de réponses

% des personnes avec chaque résultat

Votre développement - résultats

Vous n’avez pas pris ce quiz